[Event "Serra CRXC 2nd"]
[Site "Serra"]
[Date "2018.07.20"]
[Round "1"]
[White "Bonfim, Hudson Soares Do"]
[Black "Torrezani, Eduardo de Moraes"]
[Result "0-1"]
[WhiteElo "1907"]
[BlackElo "1890"]
[PlyCount "74"]
[EventDate "2018.07.19"]
[EventType "tourn"]
[EventRounds "5"]
[EventCountry "BRA"]
[SourceTitle "CBM 186 Extra"]
[Source "ChessBase"]
[SourceDate "2018.08.24"]
[SourceVersion "1"]
[SourceVersionDate "2018.08.24"]
[SourceQuality "1"]

1. e4 c6 2. d4 d5 3. Nc3 dxe4 4. Nxe4 Bf5 5. Ng3 Bg6 6. h4 h6 7. Nf3 Nd7 8. Bd3 Bxd3 9. Qxd3 Ngf6 10. Bd2 e6 11. h5 Bd6 12. 0-0-0 Qc7 13. Nh4 0-0-0 14. Ne4 Nxe4 15. Qxe4 Nf6 16. Qe2 Bf4 17. Nf3 Rd5 18. g3 Bxd2+ 19. Rxd2 Rxh5 20. Rxh5 Nxh5 21. Ne5 Nf6 22. g4 Rf8 23. f4 Nd7 24. Qe3 Nxe5 25. dxe5 Qb6 26. Qa3 Re8 27. Rd6 a6 28. Qg3 Rd8 29. Rxd8+ Qxd8 30. Qf2 b6 31. Qe3 Kc7 32. b3 Qd5 33. c4 Qd7 34. b4 Qe7 35. c5 bxc5 36. bxc5 g6 37. Qa3 Kb7 0-1

[Event "Guarapari Aberta do Estadual"]
[Site "Guarapari"]
[Date "2015.08.30"]
[Round "5.6"]
[White "Jacobsen, Abias"]
[Black "Torrezani, Eduardo de Moraes"]
[Result "1/2-1/2"]
[WhiteElo "1741"]
[BlackElo "1892"]
[PlyCount "38"]
[EventDate "2015.08.28"]
[EventType "swiss"]
[EventRounds "6"]
[EventCountry "BRA"]
[SourceTitle "EXT 2022"]
[Source "ChessBase"]
[SourceDate "2021.10.06"]
[SourceVersion "1"]
[SourceVersionDate "2021.10.06"]
[SourceQuality "1"]

1. d4 d5 2. c4 c6 3. Nc3 Nf6 4. e3 e6 5. Bd3 dxc4 6. Bxc4 b5 7. Bd3 Bb7 8. Nf3 a6 9. 0-0 Nbd7 10. b3 c5 11. Bb2 Be7 12. Rc1 0-0 13. Nd2 cxd4 14. exd4 Nb6 15. Nce4 Nxe4 16. Nxe4 Bxe4 17. Bxe4 Nd5 18. Bf3 Qd7 19. Bxd5 exd5 1/2-1/2

[Event "Guarapari Aberta do Estadual"]
[Site "Guarapari"]
[Date "2015.08.29"]
[Round "3.6"]
[White "Bonfim, Hudson Soares Do"]
[Black "Torrezani, Eduardo de Moraes"]
[Result "1-0"]
[WhiteElo "1918"]
[BlackElo "1892"]
[PlyCount "71"]
[EventDate "2015.08.28"]
[EventType "swiss"]
[EventRounds "6"]
[EventCountry "BRA"]
[SourceTitle "EXT 2022"]
[Source "ChessBase"]
[SourceDate "2021.10.06"]
[SourceVersion "1"]
[SourceVersionDate "2021.10.06"]
[SourceQuality "1"]

1. Nf3 d5 2. g3 Nf6 3. Bg2 g6 4. d3 Bg7 5. 0-0 0-0 6. Nbd2 c6 7. e4 Bg4 8. h3 Bxf3 9. Qxf3 e6 10. Re1 Qb6 11. Nb3 dxe4 12. dxe4 e5 13. Bg5 Nbd7 14. Rad1 h6 15. Be3 Qc7 16. Rd2 Rfd8 17. Red1 b6 18. h4 Kh8 19. Qe2 Nf8 20. f3 Ne6 21. Bh3 Rxd2 22. Rxd2 Nd8 23. Qd3 Nb7 24. Kf2 Rd8 25. Qe2 Rxd2 26. Qxd2 Qd6 27. Ke2 h5 28. Qxd6 Nxd6 29. Kd3 Bh6 30. Bf2 Kg7 31. a4 c5 32. Nd2 Kf8 33. Nc4 Ke7 34. Nxe5 Bc1 35. b3 a5 36. Nc6+ 1-0

[Event "Serra IRT 4th"]
[Site "Serra"]
[Date "2014.08.27"]
[Round "11"]
[White "Alves, Alessandro Cunha"]
[Black "Torrezani, Eduardo de Moraes"]
[Result "1/2-1/2"]
[WhiteElo "1812"]
[BlackElo "1936"]
[PlyCount "40"]
[EventDate "2014.08.23"]
[EventType "tourn"]
[EventRounds "18"]
[EventCountry "BRA"]
[SourceTitle "EXT 2018"]
[Source "ChessBase"]
[SourceDate "2017.10.13"]
[SourceVersion "1"]
[SourceVersionDate "2017.10.13"]
[SourceQuality "1"]

1. e4 c6 2. Nc3 d5 3. Nf3 Bg4 4. h3 Bxf3 5. Qxf3 e6 6. d4 dxe4 7. Qxe4 Nf6 8. Qd3 Bd6 9. Bg5 h6 10. Bh4 g5 11. Bg3 Bxg3 12. fxg3 Qc7 13. 0-0-0 Nbd7 14. g4 Qf4+ 15. Kb1 h5 16. gxh5 Nxh5 17. Be2 Qf2 18. g4 Nhf6 19. Bf3 Nd5 20. Bxd5 cxd5 1/2-1/2

[Event "Serra IRT 4th"]
[Site "Serra"]
[Date "2014.08.23"]
[Round "1"]
[White "Verdibello, Mario Arnaldo Batis"]
[Black "Torrezani, Eduardo de Moraes"]
[Result "1-0"]
[WhiteElo "2094"]
[BlackElo "1936"]
[PlyCount "63"]
[EventDate "2014.08.23"]
[EventType "tourn"]
[EventRounds "18"]
[EventCountry "BRA"]
[SourceTitle "EXT 2018"]
[Source "ChessBase"]
[SourceDate "2017.10.13"]
[SourceVersion "1"]
[SourceVersionDate "2017.10.13"]
[SourceQuality "1"]

1. c4 Nf6 2. Nc3 g6 3. g3 d5 4. cxd5 Nxd5 5. Bg2 Nxc3 6. bxc3 Bg7 7. d4 c5 8. e3 Qa5 9. Bd2 0-0 10. Qb3 Qc7 11. Ne2 Nc6 12. 0-0 Rd8 13. Nf4 Na5 14. Qb5 a6 15. Qe2 e6 16. Rab1 Rb8 17. d5 g5 18. Nh5 exd5 19. Nxg7 Kxg7 20. Qh5 f6 21. f4 Qf7 22. Qxf7+ Kxf7 23. fxg5 f5 24. Rb6 Be6 25. Bc1 Nc4 26. Rb1 b5 27. g4 Kg6 28. h4 Rd6 29. gxf5+ Bxf5 30. h5+ Kxg5 31. e4+ Kxh5 32. Rxf5+ 1-0

[Event "BRA-ch Amateur"]
[Site "Sao Paulo"]
[Date "2014.03.02"]
[Round "4"]
[White "Torrezani, Eduardo de Moraes"]
[Black "Krongold, Breno"]
[Result "1-0"]
[WhiteElo "1997"]
[BlackElo "1653"]
[PlyCount "45"]
[EventDate "2014.03.01"]
[EventType "swiss"]
[EventRounds "7"]
[EventCountry "BRA"]
[SourceTitle "EXT 2016"]
[Source "ChessBase"]
[SourceDate "2015.10.08"]
[SourceVersion "1"]
[SourceVersionDate "2015.10.08"]
[SourceQuality "1"]

1. d4 d5 2. c4 Nc6 3. Nf3 Bg4 4. e3 e5 5. dxe5 dxc4 6. Qa4 Bxf3 7. gxf3 Qd5 8. e4 Bb4+ 9. Qxb4 Nxb4 10. exd5 Nc2+ 11. Kd1 Nxa1 12. Bxc4 0-0-0 13. a4 Nh6 14. b4 Nf5 15. Bb2 Ne7 16. Nc3 Nc6 17. Bxa1 Nxe5 18. Be2 Rhe8 19. Kc2 c6 20. f4 cxd5 21. fxe5 Rxe5 22. Bd3 Rd7 23. Nb5 1-0

[Event "Capixaba-ch"]
[Site "Vitoria"]
[Date "2013.10.??"]
[Round "4"]
[White "Peixoto, Helio Ricardo Souti"]
[Black "Torrezani, Eduardo de Moraes"]
[Result "1/2-1/2"]
[WhiteElo "1905"]
[BlackElo "2011"]
[PlyCount "24"]
[EventDate "2013.10.09"]
[EventType "swiss"]
[EventRounds "7"]
[EventCountry "BRA"]
[SourceTitle "EXT 2022"]
[Source "ChessBase"]
[SourceDate "2021.10.06"]
[SourceVersion "1"]
[SourceVersionDate "2021.10.06"]
[SourceQuality "1"]

1. e4 c6 2. Nf3 d5 3. Nc3 Bg4 4. h3 Bxf3 5. Qxf3 e6 6. exd5 cxd5 7. Bb5+ Nc6 8. 0-0 a6 9. Ba4 Nf6 10. Qg3 Qd6 11. Qxd6 Bxd6 12. Bxc6+ bxc6 1/2-1/2

[Event "Serra IRT 2nd"]
[Site "Serra"]
[Date "2013.09.16"]
[Round "2.1"]
[White "Torrezani, Eduardo de Moraes"]
[Black "Cantarino Neto, Mario Ribeiro"]
[Result "1/2-1/2"]
[WhiteElo "2007"]
[BlackElo "2151"]
[PlyCount "76"]
[EventDate "2013.09.16"]
[EventType "tourn"]
[EventRounds "10"]
[EventCountry "BRA"]
[SourceTitle "EXT 2022"]
[Source "ChessBase"]
[SourceDate "2021.10.06"]
[SourceVersion "1"]
[SourceVersionDate "2021.10.06"]
[SourceQuality "1"]

1. d4 Nf6 2. c4 e6 3. Nc3 Bb4 4. f3 d5 5. a3 Bxc3+ 6. bxc3 c5 7. cxd5 exd5 8. e3 0-0 9. Ne2 b6 10. g4 Ba6 11. h4 Nc6 12. Kf2 Rc8 13. a4 Re8 14. Ng3 Bxf1 15. Kxf1 Qc7 16. Kf2 cxd4 17. cxd4 Nb4 18. g5 Qc3 19. Bd2 Nd3+ 20. Ke2 Qc4 21. Kf1 Nb2+ 22. Qe2 Nd7 23. a5 b5 24. Qxc4 Nxc4 25. Ke2 Rc6 26. Rhc1 Rce6 27. e4 f6 28. Rc3 a6 29. Rc2 Nf8 30. Bb4 Ng6 31. gxf6 Nf4+ 32. Kd1 Ne3+ 33. Kd2 Nxc2 34. Kxc2 Rxf6 35. e5 Rc6+ 36. Bc5 Rg6 37. Nf5 Rg2+ 38. Kb3 Ne6 1/2-1/2

[Event "Vitoria CEAX 4th"]
[Site "Vitoria"]
[Date "2013.09.14"]
[Round "2.3"]
[White "Alves, Alessandro Cunha"]
[Black "Torrezani, Eduardo de Moraes"]
[Result "1/2-1/2"]
[WhiteElo "1772"]
[BlackElo "2001"]
[PlyCount "99"]
[EventDate "2013.09.14"]
[EventType "swiss"]
[EventRounds "4"]
[EventCountry "BRA"]
[SourceTitle "EXT 2022"]
[Source "ChessBase"]
[SourceDate "2021.10.06"]
[SourceVersion "1"]
[SourceVersionDate "2021.10.06"]
[SourceQuality "1"]

1. e4 c6 2. d4 d5 3. Nc3 dxe4 4. Nxe4 Bf5 5. Ng3 Bg6 6. Nf3 Nd7 7. Bd3 Ngf6 8. h3 e6 9. 0-0 Bd6 10. Ne2 Qc7 11. Bg5 Bxd3 12. Qxd3 0-0 13. c3 c5 14. dxc5 Bxc5 15. Ned4 a6 16. Rad1 Bxd4 17. Nxd4 Qa5 18. Bxf6 Nxf6 19. a3 Rfd8 20. Qf3 Qb6 21. Qe2 Rd5 22. Rd2 Rad8 23. Rfd1 Qc7 24. Nf3 Rxd2 25. Rxd2 Rxd2 26. Qxd2 Qd7 27. Qxd7 Nxd7 28. Kf1 Nb6 29. b4 f6 30. Nd2 Kf7 31. Ke2 Nd5 32. c4 Nf4+ 33. Kf3 e5 34. h4 Ne6 35. Ne4 Ke7 36. Nc3 Nd4+ 37. Ke4 Nc2 38. Nb1 Ke6 39. g3 f5+ 40. Kd3 Nd4 41. Nc3 Nf3 42. a4 e4+ 43. Ke3 Ne5 44. Kd4 Nd3 45. f3 Nxb4 46. fxe4 Nc6+ 47. Kc5 Ke5 48. exf5 Kxf5 49. Kb6 Nd8 50. c5 1/2-1/2

[Event "Vitoria Espirito Santo 3rd"]
[Site "Vitoria"]
[Date "2010.06.12"]
[Round "3.5"]
[White "Laranjeira Nunes, Jose Benigno"]
[Black "Torrezani, Eduardo de Moraes"]
[Result "1/2-1/2"]
[WhiteElo "1815"]
[BlackElo "2008"]
[PlyCount "36"]
[EventDate "2010.06.12"]
[EventType "swiss"]
[EventRounds "5"]
[EventCountry "BRA"]
[SourceTitle "EXT 2022"]
[Source "ChessBase"]
[SourceDate "2021.10.06"]
[SourceVersion "1"]
[SourceVersionDate "2021.10.06"]
[SourceQuality "1"]

1. d4 Nf6 2. c4 e6 3. a3 d5 4. e3 c5 5. Nf3 Nc6 6. cxd5 exd5 7. Nc3 Bg4 8. Be2 c4 9. b4 a6 10. Qc2 Be7 11. Bb2 0-0 12. Rd1 Qb6 13. Ne5 Bxe2 14. Qxe2 a5 15. Ng4 Rfd8 16. Nxf6+ Bxf6 17. Qf3 Ne7 18. Ra1 Qc6 1/2-1/2